000 00777nam0a22002651 4500
001 RU\NLR\A1SV\135673
005 20251203171251.9
035 _a(NLR Aleph) 010680408
090 _a9644443
_c9644443
100 _a20150217d1926 u y0rusy50 ca
101 0 _arus
102 _aRU
200 1 _aНаставление о том, как писать ответы на вопросы личного листка
210 _aМ.
_cЦСУ
_d[1926]
215 _a4 с.
_d23 см
225 _aВсесоюз. перепись населения 1926 г.
_fЦСУ
_vФорма N 7
300 _aБез тит. л.
620 _dМосква
801 0 _aRU
_bNLR
_c20150217
899 _aРГБ
899 _aРГБ
942 _cBOOK
980 _aNB
980 _aA1SV